[Event "Dimitrovgrad Caribrod op"]
[Site "Dimitrovgrad"]
[Date "2024.03.30"]
[Round "2"]
[White "Genova, Ruzka"]
[Black "Odabasi, Ruzgar"]
[Result "1-0"]
[WhiteElo "2164"]
[BlackElo "1882"]
[PlyCount "125"]
[EventDate "2024.03.29"]
[EventType "swiss"]
[EventRounds "7"]
[EventCountry "SRB"]
[SourceTitle "CB16_2024"]
[SourceDate "2024.04.17"]
[SourceVersion "1"]
[SourceVersionDate "2024.04.17"]
[SourceQuality "1"]

1. d4 Nf6 2. Nf3 g6 3. c4 Bg7 4. Nc3 d6 5. e4 0-0 6. Be2 e5 7. 0-0 Nc6 8. Rb1 exd4 9. Nxd4 Nxd4 10. Qxd4 Re8 11. Qd3 Be6 12. Bg5 h6 13. Bh4 g5 14. Bg3 Nd7 15. Qc2 Ne5 16. Nd5 Nc6 17. Ne3 Nd4 18. Qd1 f5 19. exf5 Nxe2+ 20. Qxe2 Bxf5 21. Rbd1 Be4 22. b3 Qf6 23. Qd2 h5 24. f3 Bc6 25. Nd5 Bxd5 26. Qxd5+ Kh8 27. Qxb7 h4 28. Bf2 Qf4 29. g3 Qf5 30. Qd5 Be5 31. Bd4 Rab8 32. f4 Bxd4+ 33. Qxd4+ Kg8 34. fxg5 Qe4 35. gxh4 c5 36. Qd5+ Qxd5 37. Rxd5 Re4 38. Kg2 Rxh4 39. Kg3 Re4 40. Rxd6 Rbe8 41. Ra6 Re3+ 42. Rf3 Re1 43. Rxa7 Rg1+ 44. Kh4 Rg2 45. h3 Rge2 46. Rd3 Rg2 47. Kh5 Rg1 48. h4 Rh1 49. Rdd7 Rh2 50. Rg7+ Kh8 51. Rh7+ Kg8 52. Rhc7 Rh1 53. Rxc5 Rh2 54. Rd5 Rh1 55. a4 Rh3 56. Rb7 Rh1 57. a5 Ra1 58. b4 Rc1 59. c5 Rc2 60. a6 Ra2 61. a7 Ra6 62. Rb8 Kf8 63. Rf5+ 1-0

[Event "Dimitrovgrad Caribrod op"]
[Site "Dimitrovgrad"]
[Date "2024.03.30"]
[Round "3"]
[White "Hamidov, Allahverdi"]
[Black "Genova, Ruzka"]
[Result "1-0"]
[WhiteElo "1998"]
[BlackElo "2164"]
[PlyCount "137"]
[EventDate "2024.03.29"]
[EventType "swiss"]
[EventRounds "7"]
[EventCountry "SRB"]
[SourceTitle "CB16_2024"]
[SourceDate "2024.04.17"]
[SourceVersion "1"]
[SourceVersionDate "2024.04.17"]
[SourceQuality "1"]

1. d4 Nf6 2. c4 e6 3. Nc3 Bb4 4. e3 c5 5. Bd3 Nc6 6. Nf3 d5 7. 0-0 0-0 8. cxd5 exd5 9. dxc5 Bxc5 10. h3 a6 11. Ne2 Qe7 12. b3 Ne4 13. Bb2 f5 14. Rc1 Be6 15. Nf4 Bf7 16. Bb1 Rad8 17. Nd4 Nxd4 18. Bxd4 Ba3 19. Rc2 g5 20. Nh5 Bd6 21. Bb2 Be5 22. Bxe5 Qxe5 23. f4 Qe8 24. g4 d4 25. exd4 fxg4 26. Re2 Bxh5 27. Rxe4 Qd7 28. f5 Rfe8 29. hxg4 Bf7 30. Rfe1 Rxe4 31. Bxe4 b5 32. d5 Qc7 33. Qd3 Qf4 34. Qf3 Qe5 35. Qe3 h6 36. Bg2 Qb2 37. Qb6 Rc8 38. Qxh6 Qd4+ 39. Kh1 Qxg4 40. f6 Qh4+ 41. Qxh4 gxh4 42. d6 Rd8 43. Rd1 Be6 44. Bb7 a5 45. Bc6 b4 46. d7 Kf7 47. Rd6 h3 48. Kh2 a4 49. Bxa4 Kxf6 50. Rd4 Ke5 51. Rd2 Kf6 52. Rd4 Ke5 53. Rxb4 Rf8 54. Rh4 Rf2+ 55. Kg3 Rg2+ 56. Kf3 Rd2 57. Ke3 Rd6 58. Rh8 Bxd7 59. Bxd7 Rxd7 60. Rxh3 Ra7 61. Rh2 Kd5 62. Kd3 Kc5 63. Kc3 Rg7 64. Rh5+ Kb6 65. a4 Rg3+ 66. Kb4 Rg4+ 67. Ka3 Rg3 68. a5+ Ka6 69. Ka4 1-0

[Event "Dimitrovgrad Caribrod op"]
[Site "Dimitrovgrad"]
[Date "2024.03.29"]
[Round "1"]
[White "Doykov, Stoycho"]
[Black "Genova, Ruzka"]
[Result "0-1"]
[WhiteElo "1731"]
[BlackElo "2164"]
[PlyCount "104"]
[EventDate "2024.03.29"]
[EventType "swiss"]
[EventRounds "7"]
[EventCountry "SRB"]
[SourceTitle "CB16_2024"]
[SourceDate "2024.04.17"]
[SourceVersion "1"]
[SourceVersionDate "2024.04.17"]
[SourceQuality "1"]

1. d4 Nf6 2. c4 g6 3. Nc3 d5 4. e3 Bg7 5. Nf3 0-0 6. Bd3 c5 7. 0-0 cxd4 8. Nxd4 e5 9. Nb3 dxc4 10. Bxc4 Qc7 11. Qe2 a6 12. Nd5 Nxd5 13. Bxd5 Nd7 14. Bd2 Nf6 15. Rac1 Qd6 16. Bc4 b5 17. Bd3 Be6 18. Bc2 Bc4 19. Qe1 Bxf1 20. Bb4 Qc6 21. Qxf1 Rfe8 22. Bxg6 Qe6 23. Bb1 Rac8 24. h3 Rxc1 25. Qxc1 Rc8 26. Qd1 Qc4 27. Ba5 Re8 28. Nd2 Qc6 29. Bc3 Qd6 30. a3 Nd5 31. Ne4 Qd8 32. Qe2 Nxc3 33. Nxc3 Qd6 34. Qh5 h6 35. Qf5 Rd8 36. Ba2 Qf6 37. Qh5 Rd7 38. Ne4 Qc6 39. Nc3 Kf8 40. Qf5 a5 41. Bb1 b4 42. axb4 axb4 43. Be4 Qe6 44. Qxe6 fxe6 45. Na4 Kf7 46. Kh2 Rd2 47. Kg3 Bf8 48. Bc6 Bd6 49. e4 Rc2 50. Bb5 Bb8 51. b3 Ba7 52. f3 Be3 0-1

[Event "GRE-chT 43rd"]
[Site "Porto Rio"]
[Date "2015.10.12"]
[Round "7.13"]
[White "Vatkali, Dimitra"]
[Black "Genova, Ruzka"]
[Result "1/2-1/2"]
[WhiteElo "1993"]
[BlackElo "2185"]
[PlyCount "111"]
[EventDate "2015.10.08"]
[EventType "team-swiss"]
[EventRounds "7"]
[EventCountry "GRE"]
[SourceTitle "CBM 168 Extra"]
[Source "ChessBase"]
[SourceDate "2015.10.29"]
[SourceVersion "1"]
[SourceVersionDate "2015.10.29"]
[SourceQuality "1"]
[WhiteTeam "Kavalas OFS"]
[BlackTeam "Kalamata"]
[WhiteTeamCountry "GRE"]
[BlackTeamCountry "GRE"]

1. e4 c5 2. Nf3 d6 3. Bb5+ Bd7 4. Bxd7+ Qxd7 5. c4 Nc6 6. Nc3 g6 7. d4 cxd4 8. Nxd4 Bg7 9. Be3 Nf6 10. f3 0-0 11. Qd2 Rfc8 12. b3 b6 13. Rc1 Qb7 14. 0-0 Re8 15. Rfd1 Rac8 16. h3 Nd7 17. Nde2 Nc5 18. Rb1 a6 19. a4 a5 20. Nd5 Rcd8 21. Bh6 Bh8 22. h4 e6 23. Ne3 f5 24. exf5 gxf5 25. Bg5 Rd7 26. Nc3 Nd4 27. b4 Ncb3 28. Qe1 axb4 29. Nb5 Nxb5 30. axb5 Nd4 31. Rxb4 Bg7 32. h5 h6 33. Rxd4 Bxd4 34. Bxh6 Rh7 35. Qg3+ Kh8 36. Qxd6 Qd7 37. Qxd7 Rxd7 38. Kf1 Rh7 39. Bf4 Rxh5 40. Nc2 Bc5 41. Be5+ Kg8 42. Ra4 Rh7 43. Nd4 Rd7 44. Nc6 Kh7 45. Ke2 Rg8 46. g3 Bd6 47. Ra6 Bxe5 48. Nxe5 Rb7 49. Kf2 Rd8 50. Ke3 Kg7 51. Nc6 Rd1 52. Ke2 Rdd7 53. Ne5 Rd8 54. Nc6 Rh8 55. Ne5 Kf6 56. Rxb6 1/2-1/2

[Event "GRE-chT 43rd"]
[Site "Porto Rio"]
[Date "2015.10.08"]
[Round "2.14"]
[White "Genova, Ruzka"]
[Black "Barbageorgopoulou, Fani"]
[Result "1/2-1/2"]
[WhiteElo "2185"]
[BlackElo "1815"]
[PlyCount "81"]
[EventDate "2015.10.08"]
[EventType "team-swiss"]
[EventRounds "7"]
[EventCountry "GRE"]
[SourceTitle "CBM 168 Extra"]
[Source "ChessBase"]
[SourceDate "2015.10.29"]
[SourceVersion "1"]
[SourceVersionDate "2015.10.29"]
[SourceQuality "1"]
[WhiteTeam "Kalamata"]
[BlackTeam "Polichnis"]
[WhiteTeamCountry "GRE"]
[BlackTeamCountry "GRE"]

1. d4 Nf6 2. c4 c5 3. d5 g6 4. Nc3 Bg7 5. e4 d6 6. h3 0-0 7. Nf3 a6 8. Bf4 Qa5 9. Qd2 Bd7 10. Bd3 b5 11. 0-0 bxc4 12. Bxc4 Bb5 13. Bxb5 axb5 14. e5 dxe5 15. Bxe5 Rd8 16. Rfd1 b4 17. Bxf6 Bxf6 18. Ne4 Bg7 19. Qc2 Nd7 20. Nfd2 Rac8 21. Nc4 Qb5 22. a4 bxa3 23. Rxa3 Nb6 24. Nxb6 Qxb6 25. Rb3 Qa7 26. Qc4 Rb8 27. Rxb8 Rxb8 28. b3 Rb4 29. Qxc5 Qxc5 30. Nxc5 Rb5 31. Ne4 Rxb3 32. d6 exd6 33. Nxd6 Be5 34. Ne4 Kg7 35. g3 Rb4 36. Ng5 Bf6 37. Nf3 Ra4 38. Kg2 Ra3 39. h4 Rc3 40. Rd7 Rc1 41. Rb7 1/2-1/2

[Event "BUL-chT (Women) 48th"]
[Site "Sunny Beach"]
[Date "2015.05.31"]
[Round "1.2"]
[White "Salimova, Nurgyul"]
[Black "Genova, Ruzka"]
[Result "1/2-1/2"]
[WhiteElo "2071"]
[BlackElo "2185"]
[PlyCount "124"]
[EventDate "2015.05.31"]
[EventType "team-tourn"]
[EventRounds "7"]
[EventCountry "BUL"]
[SourceTitle "CBM 166 Extra"]
[Source "ChessBase"]
[SourceDate "2015.06.18"]
[SourceVersion "1"]
[SourceVersionDate "2015.06.18"]
[SourceQuality "1"]
[WhiteTeam "Burgas 64 (W)"]
[BlackTeam "Plovdiv Lokomotiv (W)"]
[WhiteTeamCountry "BUL"]
[BlackTeamCountry "BUL"]

1. d4 Nf6 2. c4 e6 3. g3 d5 4. Nf3 Bb4+ 5. Nc3 0-0 6. Bg2 Nc6 7. Qd3 Qe7 8. 0-0 dxc4 9. Qxc4 Na5 10. Qd3 c5 11. Bg5 c4 12. Qc2 h6 13. Bxf6 gxf6 14. e4 Bd7 15. Rad1 Rac8 16. e5 f5 17. d5 Rfd8 18. Nd4 Qf8 19. a3 Bc5 20. Nce2 Qg7 21. Qc3 b6 22. dxe6 fxe6 23. Nf4 Qe7 24. Ng6 Qe8 25. Nf4 Ba4 26. Rd2 Nb3 27. Nxb3 Bxb3 28. Bf3 Rxd2 29. Qxd2 Rd8 30. Qc1 Bd4 31. Nh5 Qf8 32. Re1 Rc8 33. Nf4 c3 34. Bb7 Rc7 35. Ba6 Qc5 36. Nd3 Qf8 37. Qf4 Bc5 38. bxc3 Bxa3 39. Qd4 Qe7 40. Bb5 Bc5 41. Nxc5 Rxc5 42. Qb4 Bd5 43. c4 Be4 44. Qd2 Kg7 45. Qd4 Bb7 46. Qd6 Kf7 47. Qd2 a6 48. Ba4 Kg7 49. Qb4 Qc7 50. Bb3 a5 51. Qd2 Be4 52. Qd6 Rc6 53. Qxc7+ Rxc7 54. Rd1 Kf7 55. Rd6 b5 56. cxb5 Rc1+ 57. Rd1 Rc5 58. Ba4 Rxe5 59. b6 Bf3 60. b7 Bxd1 61. Kg2 Bxa4 62. Kf1 Re4 1/2-1/2

[Event "Kesarovski Georgiev Memorial-B 12th"]
[Site "Sunny Beach"]
[Date "2013.09.04"]
[Round "5"]
[White "Genova, Ruzka"]
[Black "Georgiev, Dimitar"]
[Result "1-0"]
[WhiteElo "2211"]
[BlackElo "1877"]
[PlyCount "49"]
[EventDate "2013.08.31"]
[EventType "swiss"]
[EventRounds "9"]
[EventCountry "BUL"]
[SourceTitle "CBM 156 Extra"]
[Source "ChessBase"]
[SourceDate "2013.10.22"]
[SourceVersion "1"]
[SourceVersionDate "2013.10.22"]
[SourceQuality "1"]

1. d4 c5 2. d5 f5 3. e4 fxe4 4. Nc3 Nf6 5. Bc4 a6 6. a3 d6 7. Nge2 Nbd7 8. Ng3 Ne5 9. Be2 e6 10. Bg5 Be7 11. Bxf6 Bxf6 12. Ngxe4 Be7 13. 0-0 0-0 14. f4 Ng6 15. g3 e5 16. Bh5 exf4 17. Bxg6 hxg6 18. Rxf4 Rxf4 19. gxf4 Bf6 20. Qd2 Bd4+ 21. Kh1 Bf5 22. Ng5 Qf6 23. Re1 Bg4 24. Nce4 Qf5 25. c3 1-0

[Event "Kesarovski Georgiev Memorial-B 12th"]
[Site "Sunny Beach"]
[Date "2013.08.31"]
[Round "1"]
[White "Genova, Ruzka"]
[Black "Borisov, Kiril"]
[Result "1-0"]
[WhiteElo "2211"]
[BlackElo "1844"]
[PlyCount "35"]
[EventDate "2013.08.31"]
[EventType "swiss"]
[EventRounds "9"]
[EventCountry "BUL"]
[SourceTitle "CBM 156 Extra"]
[Source "ChessBase"]
[SourceDate "2013.10.22"]
[SourceVersion "1"]
[SourceVersionDate "2013.10.22"]
[SourceQuality "1"]

1. d4 d5 2. c4 Nf6 3. cxd5 Nxd5 4. Nf3 e6 5. e4 Nb6 6. Nc3 Bb4 7. Be3 N8d7 8. Qb3 a5 9. a3 Bxc3+ 10. bxc3 0-0 11. c4 a4 12. Qc3 Nf6 13. Bd3 Nbd7 14. h3 Re8 15. e5 Nh5 16. g4 Nhf6 17. exf6 Qxf6 18. Bg5 1-0

[Event "EU-ch Seniors rap (Women)"]
[Site "Plovdiv"]
[Date "2013.03.20"]
[Round "1"]
[White "Draganova, Petranka"]
[Black "Genova, Ruzka"]
[Result "0-1"]
[WhiteElo "1999"]
[BlackElo "2211"]
[PlyCount "86"]
[EventDate "2013.03.20"]
[EventType "swiss (rapid)"]
[EventRounds "9"]
[EventCountry "BUL"]
[SourceTitle "EXT 2014"]
[Source "ChessBase"]
[SourceDate "2013.11.20"]
[SourceVersion "1"]
[SourceVersionDate "2013.11.20"]
[SourceQuality "1"]

1. e4 c5 2. Nf3 e6 3. d4 cxd4 4. Nxd4 Nf6 5. Nc3 d6 6. Bd3 a6 7. a4 Nc6 8. Nxc6 bxc6 9. Qe2 Qc7 10. 0-0 Be7 11. Re1 e5 12. h3 0-0 13. Be3 a5 14. Rad1 Rb8 15. b3 Re8 16. Bc4 Be6 17. Bxe6 fxe6 18. Bg5 h6 19. Bxf6 Bxf6 20. Qg4 d5 21. Ne2 Qf7 22. Ng3 g6 23. Rd3 Kh7 24. Rc3 h5 25. Qf3 h4 26. Nf1 Kg7 27. Rxc6 d4 28. Nd2 Qb7 29. Rc4 Bg5 30. Qd3 Rbc8 31. Rxc8 Rxc8 32. Nc4 Qb4 33. Rd1 Qc5 34. Qe2 Rf8 35. Rd3 Rf4 36. Rf3 Qb4 37. Nxe5 d3 38. Rxd3 Rxe4 39. Rd7+ Kg8 40. Qf3 Qe1+ 41. Kh2 Bf4+ 42. g3 hxg3+ 43. fxg3 Re2+ 0-1

[Event "EU-ch Seniors rap (Women)"]
[Site "Plovdiv"]
[Date "2013.03.20"]
[Round "4"]
[White "Genova, Ruzka"]
[Black "Mednikova, Svetlana"]
[Result "1-0"]
[WhiteElo "2211"]
[BlackElo "2178"]
[PlyCount "87"]
[EventDate "2013.03.20"]
[EventType "swiss (rapid)"]
[EventRounds "9"]
[EventCountry "BUL"]
[SourceTitle "EXT 2014"]
[Source "ChessBase"]
[SourceDate "2013.11.20"]
[SourceVersion "1"]
[SourceVersionDate "2013.11.20"]
[SourceQuality "1"]

1. d4 d5 2. Nf3 e6 3. c4 c6 4. Qc2 f5 5. g3 Nf6 6. Bg2 Bd6 7. 0-0 0-0 8. b3 Qe7 9. Bb2 Nbd7 10. e3 b6 11. Ne5 Bxe5 12. dxe5 Ng4 13. cxd5 cxd5 14. Ba3 Nc5 15. b4 Nd7 16. b5 Nc5 17. Qc3 Bd7 18. h3 Nh6 19. Qb4 Nf7 20. f4 Rac8 21. Nc3 Nd8 22. Rfd1 Ndb7 23. Kh2 Kh8 24. Ne2 Na5 25. Nd4 Nc4 26. Bc1 Rg8 27. a4 Be8 28. Nxe6 Bh5 29. Rd4 Rge8 30. Ng5 h6 31. Nf3 Rcd8 32. Ne1 Bf7 33. Qb1 Na5 34. Ba3 Nc4 35. Nc2 Rd7 36. Qe1 Qd8 37. Bxc5 bxc5 38. Rdd1 Nb2 39. Rdb1 Nd3 40. Qc3 c4 41. Nd4 Qc7 42. Nxf5 Bg6 43. Nd6 Bh7 44. Nxe8 1-0

[Event "EU-ch Seniors rap (Women)"]
[Site "Plovdiv"]
[Date "2013.03.20"]
[Round "5"]
[White "Genova, Ruzka"]
[Black "Strutinskaya, Galina N"]
[Result "1-0"]
[WhiteElo "2211"]
[BlackElo "2317"]
[PlyCount "39"]
[EventDate "2013.03.20"]
[EventType "swiss (rapid)"]
[EventRounds "9"]
[EventCountry "BUL"]
[SourceTitle "EXT 2014"]
[Source "ChessBase"]
[SourceDate "2013.11.20"]
[SourceVersion "1"]
[SourceVersionDate "2013.11.20"]
[SourceQuality "1"]

1. c4 e5 2. Nc3 Bb4 3. g3 Bxc3 4. bxc3 d6 5. Bg2 Ne7 6. d3 Nbc6 7. Nf3 f6 8. a4 Na5 9. 0-0 Be6 10. Nd2 Qd7 11. Rb1 Rb8 12. Ba3 b6 13. e3 Bh3 14. Qh5+ g6 15. Qxh3 Qxa4 16. Bb4 0-0 17. Qe6+ Rf7 18. Bxa5 Qxa5 19. Ne4 Kg7 20. Ra1 1-0

[Event "SRB-chT (Women)"]
[Site "Valjevo"]
[Date "2011.09.02"]
[Round "7.3"]
[White "Videnova, Iva"]
[Black "Genova, Ruzka"]
[Result "1-0"]
[WhiteElo "2353"]
[BlackElo "2188"]
[PlyCount "47"]
[EventDate "2011.08.27"]
[EventType "team-tourn"]
[EventRounds "11"]
[EventCountry "SRB"]
[SourceTitle "CBM 144 Extra"]
[Source "ChessBase"]
[SourceDate "2011.10.28"]
[SourceVersion "1"]
[SourceVersionDate "2011.10.28"]
[SourceQuality "1"]
[WhiteTeam "Novi Sad Sah Kruzok (W)"]
[BlackTeam "Pozarevac (W)"]
[WhiteTeamCountry "SRB"]
[BlackTeamCountry "SRB"]

1. e4 c5 2. Nf3 d6 3. d4 cxd4 4. Nxd4 Nf6 5. Nc3 a6 6. Bg5 Nbd7 7. Bc4 Qa5 8. Qd2 e6 9. f3 b5 10. Bxe6 fxe6 11. Nxe6 b4 12. Ne2 Kf7 13. Nxf8 Rxf8 14. Bf4 d5 15. Bd6 Re8 16. Bxb4 Qb5 17. Nd4 Qb6 18. Nf5 Nxe4 19. fxe4 Rxe4+ 20. Kd1 Rxb4 21. Qxd5+ Kg6 22. h4 Bb7 23. Ne7+ Kf6 24. Rf1+ 1-0

[Event "SRB-chT (Women)"]
[Site "Valjevo"]
[Date "2011.09.01"]
[Round "6.5"]
[White "Genova, Ruzka"]
[Black "Panic, Anastasija"]
[Result "1-0"]
[WhiteElo "2188"]
[BlackElo "1888"]
[PlyCount "87"]
[EventDate "2011.08.27"]
[EventType "team-tourn"]
[EventRounds "11"]
[EventCountry "SRB"]
[SourceTitle "CBM 144 Extra"]
[Source "ChessBase"]
[SourceDate "2011.10.28"]
[SourceVersion "1"]
[SourceVersionDate "2011.10.28"]
[SourceQuality "1"]
[WhiteTeam "Pozarevac (W)"]
[BlackTeam "LeStane (W)"]
[WhiteTeamCountry "SRB"]
[BlackTeamCountry "SRB"]

1. Nf3 Nf6 2. g3 e6 3. Bg2 d5 4. 0-0 Be7 5. d3 0-0 6. Nbd2 c5 7. e4 Nc6 8. Re1 dxe4 9. dxe4 e5 10. h3 h6 11. c3 Be6 12. Qe2 Qc7 13. a4 a6 14. Nh4 Rfd8 15. Nf5 Bf8 16. Nf1 Na5 17. N1e3 Nb3 18. Rb1 c4 19. Ng4 Nxg4 20. hxg4 Qa5 21. Be3 Qxa4 22. g5 hxg5 23. Bxg5 Rd7 24. Rbd1 Rxd1 25. Rxd1 Nc5 26. Ne3 f6 27. Bh4 g5 28. Nd5 Bxd5 29. exd5 gxh4 30. d6 Qd7 31. Qxc4+ Ne6 32. Bh3 Kf7 33. Qxh4 Bg7 34. Qh5+ Kf8 35. Bf5 Rd8 36. Qg4 Kf7 37. f4 Rh8 38. fxe5 Rh6 39. Bxe6+ Qxe6 40. Qxe6+ Kxe6 41. d7 Rh8 42. d8Q Rxd8 43. Rxd8 fxe5 44. Rb8 1-0

[Event "BUL-ch op (Women)"]
[Site "Vratsa"]
[Date "2011.07.29"]
[Round "7"]
[White "Genova, Ruzka"]
[Black "Cherednichenko, Elena"]
[Result "1/2-1/2"]
[WhiteElo "2188"]
[BlackElo "2133"]
[PlyCount "37"]
[EventDate "2011.07.25"]
[EventType "swiss"]
[EventRounds "9"]
[EventCountry "BUL"]
[SourceTitle "CBM 143 Extra"]
[Source "ChessBase"]
[SourceDate "2011.08.29"]
[SourceVersion "1"]
[SourceVersionDate "2011.08.29"]
[SourceQuality "1"]

1. d4 Nf6 2. Nf3 e6 3. c4 d5 4. Nc3 Be7 5. Bf4 0-0 6. e3 b6 7. cxd5 Nxd5 8. Bg3 c5 9. Bd3 cxd4 10. exd4 Ba6 11. Rc1 Nxc3 12. bxc3 Bxd3 13. Qxd3 Nc6 14. 0-0 h6 15. Rfd1 Bd6 16. Bh4 Be7 17. Bg3 Bd6 18. Bh4 Be7 19. Bg3 1/2-1/2

[Event "BUL-ch op (Women)"]
[Site "Vratsa"]
[Date "2011.07.27"]
[Round "4"]
[White "Genova, Ruzka"]
[Black "Tsekova, Viktoria"]
[Result "1-0"]
[WhiteElo "2188"]
[BlackElo "1853"]
[PlyCount "87"]
[EventDate "2011.07.25"]
[EventType "swiss"]
[EventRounds "9"]
[EventCountry "BUL"]
[SourceTitle "CBM 143 Extra"]
[Source "ChessBase"]
[SourceDate "2011.08.29"]
[SourceVersion "1"]
[SourceVersionDate "2011.08.29"]
[SourceQuality "1"]

1. c4 Nf6 2. Nc3 d5 3. cxd5 Nxd5 4. g3 g6 5. Bg2 Nxc3 6. bxc3 Bg7 7. h4 h5 8. Rb1 Nd7 9. Nh3 0-0 10. Qc2 Nf6 11. Ng5 c6 12. 0-0 Qc7 13. d3 b6 14. c4 Bb7 15. c5 Nd5 16. cxb6 Nxb6 17. Ne4 Rfc8 18. Nc5 Rab8 19. Bh3 Rd8 20. Bf4 e5 21. Bg5 Re8 22. Nxb7 Rxb7 23. Rfc1 Nd5 24. Rxb7 Qxb7 25. a3 Bf8 26. Qa4 Nb6 27. Qa5 Kg7 28. Bg2 Re6 29. Be3 Nc8 30. d4 e4 31. Bh3 f5 32. d5 Rd6 33. Qc3+ Kf7 34. dxc6 Qb5 35. Bf4 Bg7 36. Qc2 Re6 37. a4 Qd5 38. e3 Be5 39. Bxe5 Rxe5 40. Bf1 Ke7 41. Ba6 Nd6 42. c7 Re6 43. Bc4 Nxc4 44. c8Q 1-0

[Event "BUL-ch op (Women)"]
[Site "Vratsa"]
[Date "2011.07.25"]
[Round "1"]
[White "Bocheva, Margarita"]
[Black "Genova, Ruzka"]
[Result "0-1"]
[WhiteElo "1821"]
[BlackElo "2188"]
[PlyCount "92"]
[EventDate "2011.07.25"]
[EventType "swiss"]
[EventRounds "9"]
[EventCountry "BUL"]
[SourceTitle "CBM 143 Extra"]
[Source "ChessBase"]
[SourceDate "2011.08.29"]
[SourceVersion "1"]
[SourceVersionDate "2011.08.29"]
[SourceQuality "1"]

1. d4 Nf6 2. Nf3 g6 3. Bg5 Bg7 4. Nbd2 d6 5. c3 Nbd7 6. e3 0-0 7. Be2 Qe8 8. 0-0 e5 9. dxe5 dxe5 10. Qa4 h6 11. Bxf6 Bxf6 12. Rad1 Bg7 13. Qc4 c6 14. Ne4 Nb6 15. Qc5 Be6 16. b3 Qb8 17. c4 f5 18. Ng3 Re8 19. Qd6 Qxd6 20. Rxd6 e4 21. Nd4 Bf7 22. Nc2 Be5 23. Rdd1 h5 24. f4 Bc7 25. Rd4 a5 26. Rfd1 a4 27. c5 Nd5 28. Bc4 axb3 29. Bxb3 Nc3 30. Bxf7+ Kxf7 31. Rd7+ Re7 32. R1d2 Nd5 33. Rxe7+ Kxe7 34. a3 Ra5 35. Kf2 Rxc5 36. Nd4 Rc3 37. Nf1 Rxa3 38. Rb2 Ra7 39. Rc2 Nb4 40. Rd2 Nd3+ 41. Ke2 Ra3 42. Rc2 Ra1 43. Nxc6+ bxc6 44. Rxc6 Re1+ 45. Kd2 Ba5+ 46. Kc2 Nb4+ 0-1

[Event "BUL-chT (Women) 44th"]
[Site "Albena"]
[Date "2011.06.05"]
[Round "4.2"]
[White "Genova, Ruzka"]
[Black "Galunova, Tsveta"]
[Result "1/2-1/2"]
[WhiteElo "2204"]
[BlackElo "1943"]
[PlyCount "68"]
[EventDate "2011.06.02"]
[EventType "team-tourn"]
[EventRounds "7"]
[EventCountry "BUL"]
[SourceTitle "CBM 142 Extra"]
[Source "ChessBase"]
[SourceDate "2011.06.27"]
[SourceVersion "1"]
[SourceVersionDate "2011.06.27"]
[SourceQuality "1"]
[WhiteTeam "Plovdiv Lokomotiv (W)"]
[BlackTeam "Sofia CSKA (W)"]
[WhiteTeamCountry "BUL"]
[BlackTeamCountry "BUL"]

1. Nf3 d5 2. g3 Nf6 3. Bg2 c6 4. 0-0 Bg4 5. d3 Nbd7 6. Nbd2 e6 7. h3 Bh5 8. b3 Be7 9. Bb2 0-0 10. e4 dxe4 11. dxe4 Nc5 12. Qe1 a5 13. Ne5 Nfd7 14. Nxd7 Qxd7 15. Nc4 Qc7 16. Be5 Qd8 17. g4 Bg6 18. Rd1 Nd7 19. Bc3 Qc8 20. Bxa5 b5 21. Nb2 Nc5 22. b4 Nb7 23. Bb6 Rxa2 24. Qc3 c5 25. Qb3 Ra6 26. bxc5 Bxc5 27. Bxc5 Nxc5 28. Qe3 e5 29. Rd5 Rc6 30. Rxe5 f6 31. Rd5 Re8 32. Rd4 Nxe4 33. Rb4 Rxc2 34. Rxb5 Rc3 1/2-1/2

[Event "BUL-chT-A (Women) 43th"]
[Site "Albena"]
[Date "2010.06.02"]
[Round "7.1"]
[White "Nestorova, Lozanka"]
[Black "Genova, Ruzka"]
[Result "1/2-1/2"]
[WhiteElo "2074"]
[BlackElo "2232"]
[PlyCount "65"]
[EventDate "2010.05.27"]
[EventType "team-tourn"]
[EventRounds "7"]
[EventCountry "BUL"]
[SourceTitle "CBM 136 Extra"]
[Source "ChessBase"]
[SourceDate "2010.07.02"]
[SourceVersion "2"]
[SourceVersionDate "2010.07.15"]
[SourceQuality "1"]
[WhiteTeam "Sofia Lokomotiv (W)"]
[BlackTeam "Plovdiv Lokomotiv (W)"]
[WhiteTeamCountry "BUL"]
[BlackTeamCountry "BUL"]

1. d4 d5 2. c4 c6 3. cxd5 cxd5 4. Nc3 Nf6 5. Bg5 e6 6. e3 Be7 7. Bb5+ Bd7 8. Bxd7+ Nfxd7 9. Bxe7 Qxe7 10. Nf3 0-0 11. 0-0 Nc6 12. Qd2 Rfc8 13. Rfc1 h6 14. h3 Qb4 15. Ne2 Qxd2 16. Nxd2 Ne7 17. Rxc8+ Rxc8 18. Rc1 Rxc1+ 19. Nxc1 Nc6 20. Nd3 b6 21. Kf1 Kf8 22. Ke2 Ke7 23. Nf3 Ndb8 24. Nfe5 f6 25. Nxc6+ Nxc6 26. Kd2 Kd6 27. Kc3 a6 28. b3 g5 29. g4 Kc7 30. a3 Kd6 31. Kd2 Na5 32. Kc3 Nc6 33. Kd2 1/2-1/2

[Event "BUL-chT-A (Women) 43th"]
[Site "Albena"]
[Date "2010.06.01"]
[Round "6.1"]
[White "Genova, Ruzka"]
[Black "Plachkinova, Tatjana Georgieva"]
[Result "1/2-1/2"]
[WhiteElo "2232"]
[BlackElo "2117"]
[PlyCount "79"]
[EventDate "2010.05.27"]
[EventType "team-tourn"]
[EventRounds "7"]
[EventCountry "BUL"]
[SourceTitle "CBM 136 Extra"]
[Source "ChessBase"]
[SourceDate "2010.07.02"]
[SourceVersion "2"]
[SourceVersionDate "2010.07.15"]
[SourceQuality "1"]
[WhiteTeam "Plovdiv Lokomotiv (W)"]
[BlackTeam "Sofia Shah XXI (W)"]
[WhiteTeamCountry "BUL"]
[BlackTeamCountry "BUL"]

1. Nf3 Nf6 2. c4 e6 3. Nc3 c5 4. g3 Nc6 5. Bg2 Be7 6. 0-0 0-0 7. e4 d6 8. d4 cxd4 9. Nxd4 Qc7 10. Ncb5 Qb8 11. b3 a6 12. Nc3 Rd8 13. Be3 Nxd4 14. Bxd4 b5 15. Qe2 e5 16. Be3 Bd7 17. Rab1 Bc6 18. Rfc1 b4 19. Nd5 Qb7 20. Rc2 Bxd5 21. cxd5 Rdc8 22. Rbc1 Rxc2 23. Qxc2 Ng4 24. Bd2 Qb6 25. Be1 h5 26. h3 Nf6 27. Bd2 a5 28. Be3 Qb7 29. Bf3 g6 30. Be2 Kg7 31. Bd3 Qd7 32. Kg2 h4 33. Qc7 Qxc7 34. Rxc7 Bd8 35. Rc6 Ne8 36. f4 Bf6 37. gxh4 a4 38. Rb6 axb3 39. axb3 Ra2+ 40. Kf3 1/2-1/2

[Event "BUL-chT-A (Women) 43th"]
[Site "Albena"]
[Date "2010.05.28"]
[Round "2.1"]
[White "Genova, Ruzka"]
[Black "Andreeva, Plamena"]
[Result "1-0"]
[WhiteElo "2232"]
[BlackElo "2119"]
[PlyCount "65"]
[EventDate "2010.05.27"]
[EventType "team-tourn"]
[EventRounds "7"]
[EventCountry "BUL"]
[SourceTitle "CBM 136 Extra"]
[Source "ChessBase"]
[SourceDate "2010.07.02"]
[SourceVersion "2"]
[SourceVersionDate "2010.07.15"]
[SourceQuality "1"]
[WhiteTeam "Plovdiv Lokomotiv (W)"]
[BlackTeam "Pleven Spartak XXI (W)"]
[WhiteTeamCountry "BUL"]
[BlackTeamCountry "BUL"]

1. d4 Nf6 2. Nf3 d6 3. c4 g6 4. Nc3 Bf5 5. d5 c5 6. Nd2 g5 7. e4 Bg6 8. Bd3 Nbd7 9. 0-0 Ne5 10. Be2 Bg7 11. Re1 0-0 12. Nf1 h6 13. Ng3 Kh7 14. f4 gxf4 15. Bxf4 Ned7 16. Nf5 Bxf5 17. exf5 Nb6 18. Qc2 Kh8 19. Ne4 Rg8 20. Ng3 Nfd7 21. a4 Nf6 22. Ra3 Nbd7 23. Qd2 Qf8 24. Kh1 Ne5 25. Bf1 Kh7 26. Ne4 Nh5 27. Bg5 Nf6 28. Rh3 Nfg4 29. Bf4 Nd7 30. Rh4 Be5 31. Ng5+ Kg7 32. Rxg4 hxg5 33. Bxe5+ 1-0